000
00244nam a2200097Ia 4500
082
_a
799.12 WIND
245
0
_a
Fly fishing
100
_a
WINDSOR, Stephen London, 2003
_9
59196
942
_c
BK
008
210817s9999 xx 000 0 und d
999
_c
206176
_d
206175